Statistics for General Knowledge Quiz #85

Click here to take the quiz!

General Stats

  • This quiz has been taken 67,161 times
    (15,765 since last reset)
  • The average score is 13 of 20

Answer Stats

Question Answer % Correct
What type of factory do Oompa Loompas work in?Chocolate
95%
What South American city has the best-known Carnival celebration?Rio de Janeiro
92%
What is the term for a set of three movies or novels?Trilogy
90%
What is another name for Ireland's Great Famine?Irish {Potato} Famine
86%
Anemia can be caused by a deficiency of what dietary mineral?Iron
83%
What sport can you practice at a driving range?Golf
81%
What is the strongest bone in the human body?Femur
80%
In what country was papyrus invented?Egypt
78%
What medical board game features body parts such as "Charley Horse" and "Spare Ribs"?Operation
77%
What brass instrument uses a slide instead of valves?Trombone
74%
What is the name for a room where military personnel eat?{Mess} Hall
73%
In terms of sleep, what does REM stand for?Rapid Eye Movement
71%
What did the titan Saturn do to his children?He devoured them
63%
What Japanese food is slices of raw fish, without rice?Sashimi
56%
What would you find in a menagerie?Animals
51%
What military skill were men between the ages of seventeen and sixty required by law
to practice in England in the 1500s?
Archery
45%
What symbolized God's covenant with Noah?Rainbow
32%
What TV chef co-authored "Mastering the Art of French Cooking"?Julia Child
29%
In the original Nintendo Entertainment System, what game often came on the
same cartridge as Super Mario Bros?
Duck Hunt or
Track & Field
17%
Advanced question warning! Writing out numbers using Roman numerals,
which number is alphabetically last?
XXXVIII
14%

Score Distribution

Percentile by Number Answered

Percent of People with Each Score

Your Score History

You have not taken this quiz since the last reset